Korea: A history

Uloženo v:
Podrobná bibliografie
Hlavní autor: Bong- youn Choy
Médium: Kniha
Jazyk:Undetermined
Vydáno: Tokyo Charles E. Tuttle Company 1971
Témata:
Tagy: Přidat tag
Žádné tagy, Buďte první, kdo otaguje tento záznam!
Thư viện lưu trữ: Trung tâm Học liệu Trường Đại học Cần Thơ
LEADER 00497nam a2200205Ia 4500
001 CTU_90707
008 210402s9999 xx 000 0 und d
082 |a 915.19 
082 |b C552 
100 |a Bong- youn Choy 
245 0 |a Korea: 
245 2 |b A history 
245 0 |c Bong- youn Choy 
260 |a Tokyo 
260 |b Charles E. Tuttle Company 
260 |c 1971 
650 |a korea 
650 |x history 
904 |i Mai Loan 
980 |a Trung tâm Học liệu Trường Đại học Cần Thơ